Advance techniques in dactyloscopy/ (Record no. 1885)
[ view plain ]
| 000 -LEADER | |
|---|---|
| fixed length control field | 00587nam a22001817a 4500 |
| 008 - FIXED-LENGTH DATA ELEMENTS--GENERAL INFORMATION | |
| fixed length control field | 160420b xxu||||| |||| 00| 0 eng d |
| 020 ## - INTERNATIONAL STANDARD BOOK NUMBER | |
| International Standard Book Number | 9719288572 |
| 082 ## - DEWEY DECIMAL CLASSIFICATION NUMBER | |
| Edition number | 2006 |
| Classification number | DFil 363.258 |
| Item number | V76 |
| 100 ## - MAIN ENTRY--PERSONAL NAME | |
| 9 (RLIN) | 6018 |
| Personal name | Vinluan, Jesus B. |
| 245 ## - TITLE STATEMENT | |
| Title | Advance techniques in dactyloscopy/ |
| Statement of responsibility, etc. | Jesus B. Vinluan |
| 260 ## - PUBLICATION, DISTRIBUTION, ETC. (IMPRINT) | |
| Place of publication, distribution, etc. | Quezon City: |
| Name of publisher, distributor, etc. | Wiseman's Books Trading, |
| Date of publication, distribution, etc. | c2006. |
| 300 ## - PHYSICAL DESCRIPTION | |
| Extent | xvi, 257 pages: |
| Other physical details | illustrations; |
| Dimensions | 23 cm. |
| 500 ## - GENERAL NOTE | |
| General note | Includes glossary and references. |
| 650 #0 - SUBJECT ADDED ENTRY--TOPICAL TERM | |
| 9 (RLIN) | 6023 |
| Topical term or geographic name as entry element | Fingerprints |
| 700 ## - ADDED ENTRY--PERSONAL NAME | |
| 9 (RLIN) | 6024 |
| Personal name | Buenavista, Jose M., Jr. |
| 365 ## - TRADE PRICE | |
| Price amount | 398.00 |
| Currency code | Php. |
| 942 ## - ADDED ENTRY ELEMENTS (KOHA) | |
| Source of classification or shelving scheme | Dewey Decimal Classification |
| Koha item type | Books |
| Withdrawn status | Lost status | Source of classification or shelving scheme | Damaged status | Not for loan | Collection code | Home library | Current library | Shelving location | Date acquired | Source of acquisition | Total Checkouts | Full call number | Barcode | Date last seen | Date last checked out | Copy number | Cost, replacement price | Price effective from | Koha item type |
|---|---|---|---|---|---|---|---|---|---|---|---|---|---|---|---|---|---|---|---|
| Dewey Decimal Classification | Filipiniana | UM Digos College - LIC | UM Digos College - LIC | Book Cart | 08/08/2011 | Purchased | 6 | DFil 363.258 V76 2006 | 21759 | 05/15/2025 | 12/14/2019 | 2 | 398.00 | 04/20/2016 | Filipiniana | ||||
| Dewey Decimal Classification | Filipiniana | UM Digos College - LIC | UM Digos College - LIC | 08/08/2011 | Purchased | 1 | DFil 363.258 V76 2006 | 21761 | 03/10/2018 | 03/08/2018 | 4 | 398.00 | 04/20/2016 | Filipiniana | |||||
| Dewey Decimal Classification | Filipiniana | UM Digos College - LIC | UM Digos College - LIC | Book Cart | 08/08/2011 | Purchased | 2 | DFil 363.258 V76 2006 | 21760 | 05/15/2025 | 11/29/2019 | 3 | 398.00 | 04/20/2016 | Filipiniana | ||||
| Dewey Decimal Classification | Filipiniana | UM Digos College - LIC | UM Digos College - LIC | Book Cart | 09/24/2010 | Purchased | 9 | DFil 363.258 V76 2006 | 21295 | 05/15/2025 | 01/09/2020 | 6 | 664.00 | 05/04/2016 | Filipiniana | ||||
| Dewey Decimal Classification | Filipiniana | UM Digos College - LIC | UM Digos College - LIC | Book Cart | 08/08/2011 | Purchased | 6 | DFil 363.258 V76 2006 | 21758 | 05/15/2025 | 12/05/2019 | 1 | 05/04/2016 | Filipiniana | |||||
| Dewey Decimal Classification | Filipiniana | UM Digos College - LIC | UM Digos College - LIC | 08/08/2011 | Purchased | DFil 363.258 V76 2006 | 21762 | 05/04/2016 | 5 | 05/04/2016 | Filipiniana |
